Fronteras étnicas en la conquista de Nicaragüa y Nicoya: entre la solidaridad y el conflicto 800 d.C. - 1544 /
Furkejuvvon:
| Váldodahkki: | |
|---|---|
| Eará dahkkit: | |
| Materiálatiipa: | Texto |
| Fáttát: | |
| Fáddágilkorat: |
Lasit fáddágilkoriid
Eai fáddágilkorat, Lasit vuosttaš fáddágilkora!
|
MARC
| LEADER | 00000 a a2200000 04500 | ||
|---|---|---|---|
| 001 | 15553 | ||
| 003 | |||
| 040 | |||
| 100 | |a Fonseca Corrales, Elizabeth | ||
| 245 | |a Fronteras étnicas en la conquista de Nicaragüa y Nicoya: entre la solidaridad y el conflicto 800 d.C. - 1544 / |c Elizabeth Fonseca Corrales ; Eugenia Ibarra Rojas | ||
| 650 | |a FACTORES ETNICOS | ||
| 650 | |a CONQUISTA | ||
| 650 | |a ETNICIDAD | ||
| 650 | |a RESEÑAS BIBLIOGRAFICAS | ||
| 700 | |a Ibarra Rojas, Eugenia |e reseñadora | ||
| 773 | |g número 14; páginas 173-174 | ||
| 999 | |c 39796 |d 39796 | ||
